01053nas a2200241Ia 4500001001100000003000900011008004100020040001300061040001300074041001300087100003800100210004000138222004000178245007900218250001100297260002300308501008600331300001000417310001800427362003800445500026200483650006600745R139/B2680IT-RoPAU151124c99999999xx |||||||||||| ||und|| aIT-RoPAU cIT-RoPAU aITALIANO aAA.VV. gCodice Aut. SPICS: 12000 aSIR-SERVIZIO INFORMAZIONI RELIGIOSE aSir-Servizio Informazioni Religiose aSIR, ANNO 04-N.85 (16 DICEMBRE 1992)bSir, Anno 04-N.85 (16 Dicembre 1992) a1a ed. aROMAbADISTAc1992 bPaulus - SPICS - Società€ San Paolo EM (non-commercial uses only)cCopyright2015 a18 p. aBISETTIMANALE aANNO 004, N.85 (16 DICEMBRE 1992) aIncontri: per la Famiglia, Offerte Alla Chiesa, Pastorale della Sanità€, Aiuti Alla Ex Jugoslavia e Albania. Messaggio del Papa per la Giornata Dellevocazioni. Informazioni da Diocesi, Enti e Associazioni. Convegno: Nasceree Morire Oggi. Scuola Cattolica e aCOMUNICAZIONE - AGENZIA INFORMAZIONEvPUBBLICAZIONE PERIODICA